Quản trị thương hiệu : Lý thuyết và thực tiễn
Nội dung sách trình bày các vấn đề về xây dựng và quản lý thương hiệu: tài sản, tầm nhìn, định vị, kiến trúc, chiến lược sản phẩm, hệ thống nhận diện, thiết kế, truyền thông, đánh giá sức khoẻ và quản lý thương hiệu....
保存先:
| 第一著者: | |
|---|---|
| フォーマット: | 図書 |
| 言語: | Undetermined |
| 出版事項: |
Hà Nội
Lao động - Xã hội
2015
|
| 主題: | |
| タグ: |
タグ追加
タグなし, このレコードへの初めてのタグを付けませんか!
|
| Thư viện lưu trữ: | Trung tâm Học liệu Trường Đại học Cần Thơ |
|---|
| LEADER | 00986nam a2200217Ia 4500 | ||
|---|---|---|---|
| 001 | CTU_202745 | ||
| 008 | 210402s9999 xx 000 0 und d | ||
| 020 | |c 98000 | ||
| 082 | |a 658.827 | ||
| 082 | |b Qu106 | ||
| 100 | |a Bùi, Văn Quang | ||
| 245 | 0 | |a Quản trị thương hiệu : | |
| 245 | 0 | |b Lý thuyết và thực tiễn | |
| 245 | 0 | |c Bùi Văn Quang | |
| 260 | |a Hà Nội | ||
| 260 | |b Lao động - Xã hội | ||
| 260 | |c 2015 | ||
| 520 | |a Nội dung sách trình bày các vấn đề về xây dựng và quản lý thương hiệu: tài sản, tầm nhìn, định vị, kiến trúc, chiến lược sản phẩm, hệ thống nhận diện, thiết kế, truyền thông, đánh giá sức khoẻ và quản lý thương hiệu. | ||
| 650 | |a Quản trị thương hiệu,Product management | ||
| 904 | |i Nguyên | ||
| 980 | |a Trung tâm Học liệu Trường Đại học Cần Thơ | ||